[Event "Las Americas op U1800 Hybrid"]
[Site "Internet"]
[Date "2022.06.04"]
[Round "2.22"]
[White "Hernandez Gonzalez, Norkis Emelina"]
[Black "Puma Llerena, Maricarmen"]
[Result "0-1"]
[WhiteElo "1005"]
[BlackElo "1554"]
[PlyCount "76"]
[EventDate "2022.06.04"]
[EventType "swiss"]
[EventRounds "6"]
[EventCountry "VEN"]
[SourceTitle "EXT 2024"]
[Source "ChessBase"]
[SourceDate "2023.10.10"]
[SourceVersion "1"]
[SourceVersionDate "2023.10.10"]
[SourceQuality "1"]

1. d4 Nf6 2. e3 g6 3. Bd3 Bg7 4. f4 d6 5. Nf3 Nbd7 6. 0-0 c5 7. c3 Nd5 8. a3 N5b6 9. Nbd2 0-0 10. Ne4 c4 11. Bc2 Nf6 12. Nf2 Nfd7 13. e4 e5 14. f5 d5 15. Ng4 exd4 16. cxd4 dxe4 17. Bxe4 Nf6 18. Nfe5 Nxe4 19. Nh6+ Bxh6 20. Bxh6 Bxf5 21. Bxf8 Kxf8 22. Rf4 Nd5 23. Rxf5 gxf5 24. Qf3 Qg5 25. h4 Qe3+ 26. Kh2 Qxf3 27. gxf3 Nd6 28. Rg1 Nf4 29. Nd7+ Ke7 30. Nc5 Re8 31. Rg7 h5 32. Kg3 Ne2+ 33. Kf2 Kf6 34. Rg5 Nxd4 35. Rxh5 Ne6 36. Nxe6 fxe6 37. Rh7 Nf7 38. Kg3 Kg6 0-1

[Event "Las Americas op U1800 Hybrid"]
[Site "Internet"]
[Date "2022.06.04"]
[Round "4.37"]
[White "Hernandez Gonzalez, Norkis Emelina"]
[Black "Roa Romero, Miguelangel Alberto"]
[Result "0-1"]
[WhiteElo "1005"]
[BlackElo "1539"]
[PlyCount "96"]
[EventDate "2022.06.04"]
[EventType "swiss"]
[EventRounds "6"]
[EventCountry "VEN"]
[SourceTitle "EXT 2024"]
[Source "ChessBase"]
[SourceDate "2023.10.10"]
[SourceVersion "1"]
[SourceVersionDate "2023.10.10"]
[SourceQuality "1"]

1. d4 f5 2. e3 Nf6 3. Bd3 g6 4. f4 Bg7 5. c3 d6 6. Nf3 c6 7. 0-0 0-0 8. Nbd2 Re8 9. e4 fxe4 10. Nxe4 Nbd7 11. Neg5 Qb6 12. Qb3+ Qxb3 13. axb3 e5 14. fxe5 dxe5 15. dxe5 Nxe5 16. Nxe5 Rxe5 17. Bc4+ Nd5 18. Bf4 Re8 19. Bg3 h6 20. Nf7 Be6 21. Nd6 Re7 22. Ne4 Ne3 23. Rf3 Bxc4 24. bxc4 Rxe4 25. Re1 Rae8 26. Bf2 Ng4 27. Ra1 Nxf2 28. Kxf2 a6 29. Rd1 Rf8 30. Rd7 b5 31. Rd6 Rxf3+ 32. gxf3 Rxc4 33. Rxg6 a5 34. Ke3 b4 35. Kd3 Rc5 36. c4 Kh7 37. Rg2 Rg5 38. Rf2 a4 39. f4 Ra5 40. Kc2 a3 41. bxa3 bxa3 42. Kb3 Bb2 43. Ka2 Ra4 44. c5 Rc4 45. f5 Rxc5 46. f6 Kg8 47. f7+ Kf8 48. Rf6 Bxf6 0-1